Cây chè Việt Nam sản xuất chế biến tiêu thụ

সংরক্ষণ করুন:
গ্রন্থ-পঞ্জীর বিবরন
প্রধান লেখক: Đỗ, Ngọc Qũy
বিন্যাস: গ্রন্থ
ভাষা:Undetermined
প্রকাশিত: Hà Nội Nghệ An 2003
বিষয়গুলি:
ট্যাগগুলো: ট্যাগ যুক্ত করুন
কোনো ট্যাগ নেই, প্রথমজন হিসাবে ট্যাগ করুন!
Thư viện lưu trữ: Trung tâm Học liệu Trường Đại học Cần Thơ
LEADER 00539nam a2200193Ia 4500
001 CTU_74382
008 210402s9999 xx 000 0 und d
020 |c 25000 
082 |a 633.7 
082 |b Qu523 
100 |a Đỗ, Ngọc Qũy 
245 0 |a Cây chè Việt Nam sản xuất chế biến tiêu thụ 
245 0 |c Đỗ Ngọc Qũy 
260 |a Hà Nội 
260 |b Nghệ An 
260 |c 2003 
650 |a Field crops 
904 |i Năm 
980 |a Trung tâm Học liệu Trường Đại học Cần Thơ